| 000 | 00733nam a2200229 a 4500 | ||
|---|---|---|---|
| 001 | 000010279 | ||
| 003 | DO-SdBPM | ||
| 005 | 20250114103433.0 | ||
| 008 | 091006s1975 dr ac r 001 p spa d | ||
| 040 |
_aDO-SdBPM _bspa _cBPMSU |
||
| 082 | 4 |
_aRD861.44 _bF224p1975 _222 |
|
| 100 | 1 | _aFarías, María Cristina de, | |
| 245 | 1 | 0 |
_aPatria mía : _b5 libros y una inspiración / _cMa. Cristina Farías. |
| 260 |
_aSanto Domingo : _bCultural Dominicana, _c1975. |
||
| 300 |
_a184 p. : _bil., retrs. ; _c21 cm. |
||
| 590 | _aInventariado, 2025/VM | ||
| 650 | 4 | _aPoesía dominicana | |
| 650 | 4 | _aLiteratura dominicana. | |
| 650 | 4 |
_aPoesía patriótica dominicana _z |
|
| 910 | _aVMateo V. Control de calidad BPMSU | ||
| 942 |
_2ddc _cBK |
||
| 999 |
_c14905 _d14905 |
||